वेद में मातृभूमि की वंदना (Record no. 29528)
[ view plain ]
| 000 -LEADER | |
|---|---|
| fixed length control field | 00386nam a22001337a 4500 |
| 003 - CONTROL NUMBER IDENTIFIER | |
| control field | SGT |
| 020 ## - INTERNATIONAL STANDARD BOOK NUMBER | |
| International Standard Book Number | 81710553X |
| 082 ## - DEWEY DECIMAL CLASSIFICATION NUMBER | |
| Classification number | 301.23 |
| Item number | V17A |
| 100 ## - MAIN ENTRY--PERSONAL NAME | |
| Personal name | आयुर्वेद, अखिलेश |
| 245 ## - TITLE STATEMENT | |
| Title | वेद में मातृभूमि की वंदना |
| 260 ## - PUBLICATION, DISTRIBUTION, ETC. (IMPRINT) | |
| Name of publisher, distributor, etc | परिमल पब्लिकेशंस |
| Year of Publication | 2017 |
| 300 ## - PAGE DESCRIPTION | |
| No. of Pages | 186 |
| 942 ## - ADDED ENTRY ELEMENTS (KOHA) | |
| Source of classification or shelving scheme | Dewey Decimal Classification |
| Koha item type | Books |
| Withdrawn status | Lost status | Source of classification or shelving scheme | Damaged status | Not for loan | Home library | Current library | Shelving location | Date acquired | Cost, normal purchase price | SGTU | Total Checkouts | Full call number | Accession No. (Barcode) | Date last seen | Bill Date | Koha item type |
|---|---|---|---|---|---|---|---|---|---|---|---|---|---|---|---|---|
| Dewey Decimal Classification | Not For Loan | SGT Chancellor's Library | SGT Chancellor's Library | Reference Book | 31/01/2025 | 250.00 | SGTU | 301.23 V17A | CH2105 | 31/01/2025 | 31/01/2025 | Books |